000 00327 a2200157 4500
001 46851
020 _a9788575294604
040 _cAnchieta - Aquarius
100 _aGuilherme, Ricardo.
240 1 0 _a=Iracema
_lpor
245 1 0 _a=Iracema
300 _a60
362 0 _a2011
650 4 _aLiteratura brasileira
942 _cBK
999 _c46851
_d46851